Covenant Vehicles and Weapons - Statistics

General Stats
  • This quiz has been taken 3 times
  • The average score is 25 of 82
Answer Stats
Answer % Correct
Anti-Air Wraith
100%
Banshee
100%
Brute Shot
100%
Energy Sword
100%
Ghost
100%
Gravity Hammer
100%
Needler
100%
Plasma Grenade
100%
Plasma Pistol
100%
Wraith
100%
Beam Rifle
67%
Brute Plasma Rifle
67%
Carbine
67%
Chopper
67%
Needle Rifle
67%
Plasma Rifle
67%
Scarab
67%
Spiker
67%
Anti-Air Shade
33%
Armored Cruiser
33%
Assault Carrier
33%
Battle Cruiser
33%
Focus Rifle
33%
Fuel Rod Cannon
33%
Fuel Rod Gun
33%
Heavy Cruiser
33%
Lich
33%
Light Carrier
33%
Light Cruiser
33%
Locust
33%
Mauler
33%
Phantom
33%
Plasma Cannon
33%
Plasma Caster
33%
Plasma Repeater
33%
Prowler
33%
Revenant
33%
Scout Revenant
33%
Seraph
33%
Shade
33%
Shadow
33%
Spectre
33%
Spike Grenade
33%
Spirit
33%
Storm Rifle
33%
Supercarrier
33%
Tick
33%
Agricultural Support Ship
0%
Antimatter Charge
0%
Antlion
0%
Armored Frigate
0%
Battleship
0%
Blockade Runner
0%
Brigantine
0%
Carrack
0%
Concussion Rifle
0%
Draugr
0%
Escort Ship
0%
Fireship
0%
Gigas
0%
Goblin
0%
Harvester
0%
Heavy Corvette
0%
Heavy Destroyer
0%
Incendiary Grenade
0%
Interdictor
0%
Kraken
0%
Leech
0%
Light Corvette
0%
Light Destroyer
0%
Locust Gun
0%
Man O’War
0%
Plasma Launcher
0%
Saker
0%
Shrike
0%
Storm Cutter
0%
Tarasque
0%
Tronto
0%
Tyrant
0%
Umbra
0%
Vampire
0%
Weevil
0%
No matching quizzes found
Score Distribution
Percent of People with Each Score
Percentile by Number Answered
Your Score History
You have not taken this quiz